Проблемы конвективного теплообмена в условиях устойчивых и переходных режимов течения вязких сред; Проблемы геологии и освоения недр; Т. 2

Detalhes bibliográficos
Parent link:Проблемы геологии и освоения недр: труды XIV Международного симпозиума имени академика М. А. Усова студентов и молодых ученых, посвященного 65-летию Победы советского народа над фашистской Германией в Великой Отечественной войне 1941-1945 гг., 5-9 апреля 2010 г. г. Томск/ Томский политехнический университет (ТПУ), Институт геологии и нефтегазового дела (ИГНД) ; под ред. В. А. Домаренко.— , 2010.— 978-5-98298-729-7
Т. 2.— 2010.— С. 277-279
Autor principal: Терещенко Р. Е.
Outros Autores: Харламов С. Н. (научный руководитель)
Idioma:russo
Publicado em: 2010
Assuntos:
Formato: Capítulo de Livro
KOHA link:https://koha.lib.tpu.ru/cgi-bin/koha/opac-detail.pl?biblionumber=192553

MARC

LEADER 00000naa2a2200000 4500
001 192553
005 20260123122340.0
035 |a (RuTPU)RU\TPU\book\209969 
090 |a 192553 
100 |a 20110303d2010 k y0rusy50 ca 
101 0 |a rus 
102 |a RU 
200 1 |a Проблемы конвективного теплообмена в условиях устойчивых и переходных режимов течения вязких сред  |f Р. Е. Терещенко  |g науч. рук. С. Н. Харламов 
320 |a Библиогр.: 3 назв. 
461 1 |0 (RuTPU)RU\TPU\book\205901  |y 978-5-98298-729-7  |t Проблемы геологии и освоения недр  |o труды XIV Международного симпозиума имени академика М. А. Усова студентов и молодых ученых, посвященного 65-летию Победы советского народа над фашистской Германией в Великой Отечественной войне 1941-1945 гг., 5-9 апреля 2010 г. г. Томск  |o в 2 т.  |f Томский политехнический университет (ТПУ), Институт геологии и нефтегазового дела (ИГНД) ; под ред. В. А. Домаренко  |d 2010 
463 1 |0 (RuTPU)RU\TPU\book\205109  |y 978-5-98298-731-0  |t Т. 2  |v С. 277-279  |d 2010 
610 1 |a теплообмен 
610 1 |a конвективный теплообмен 
610 1 |a вязкие среды 
610 1 |a течение 
610 1 |a турбулентность 
610 1 |a труды учёных ТПУ 
700 1 |a Терещенко  |b Р. Е. 
702 1 |a Харламов  |b С. Н.  |4 727 
801 1 |a RU  |b 63413507  |c 20110303 
801 2 |a RU  |b 63413507  |c 20140123  |g RCR 
942 |c BK